El canon occidental: la escuela y los libros de todas las épocas

I tiakina i:
Ngā taipitopito rārangi puna kōrero
Kaituhi matua: Bloom, Harold (Author)
Hōputu: Pukapuka
Reo:Pāniora
I whakaputaina: Barcelona Anagrama 1997
Putanga:3a. ed
Rangatū:Colección Argumentos, 171
Ngā marau:
Ngā Tūtohu: Tāpirihia he Tūtohu
Kāore He Tūtohu, Me noho koe te mea tuatahi ki te tūtohu i tēnei pūkete!

MARC

LEADER 00000nam a2200000 a 4500
001 UCQ6557
003 CL-VaPUC
008 981016e19970000SP |||||||||||||||||spa|d
082 0 4 |a 809  |b BLO  |2 21 
100 0 |a Bloom, Harold  |e author  |9 420462 
245 1 3 |a El canon occidental: la escuela y los libros de todas las épocas 
250 |a 3a. ed 
300 |a 585 p 
942 |c BK 
945 |d 19981016 00:00:00  |a lriquelm 
260 |a Barcelona  |b Anagrama  |c 1997 
650 0 |a Literatura inglesa  |9 312907 
650 0 |a Literatura española  |9 306261 
650 0 |a Literatura francesa  |9 266330 
650 0 |a Literatura alemana   |9 265457 
650 0 |a Literatura rusa  |9 318370 
650 0 |a Literatura noruega  |9 367377 
650 0 |a Literatura hispanoamericana  |9 269097 
650 0 |a Historia y crítica   |9 257407 
650 0 |a Crítica literaria   |9 269189 
583 |a last modification  |c 19981016 00:00:00  |k Rodrigo Vera 
490 0 |a Colección Argumentos, 171 
999 |c 276507  |d 276505 
952 |0 0  |1 0  |4 0  |6 809_000000000000000_BLO_1997  |7 0  |8 A  |9 313776  |a FDOPOS  |b FDOPOS  |d 2019-11-20  |i 3405885  |o 809 BLO 1997  |p 3405885  |r 2025-01-22  |w 2019-11-20  |y BK  |k MLH